Cross-cultural explorations : activities in culture and psychology

Main Author: Goldstein, Susan
Language:English
Published: Boston, MA: Pearson/A and B, 2008.
Edition:2nd ed..
Subjects:
LEADER 00725cam a2200205 7i4500
001 0000055876
005 20140602090000.0
008 071218s2008 eng
020 # # |a 9780205484850  
020 # # |a 0205484859  
090 0 0 |a GN 345.7   |b G6 2008 
100 1 # |a Goldstein, Susan  
245 0 0 |a Cross-cultural explorations :   |b activities in culture and psychology   |c Suan Goldstein. 
250 # # |a 2nd ed.. 
260 # # |a Boston, MA:   |b Pearson/A and B,   |c 2008. 
300 # # |a xii, 376 p.;   |c 28 cm.. 
590 # # |a Pusat Pendidikan Asas dan Liberal 
650 0 0 |a Cross-cultural studies --   |x Textbooks  
650 0 0 |a Intercultural communication --   |x Problems, exercises, etc.  
999 |a 1100050776  |b Book  |c Open Shelf  |e KOLEKSI TERBUKA